Reading and understanding research / (Record no. 344750)
[ view plain ]
| 000 -LEADER | |
|---|---|
| fixed length control field | 01810 a2200229 4500 |
| 020 ## - INTERNATIONAL STANDARD BOOK NUMBER | |
| International Standard Book Number | 0761927689 |
| 020 ## - INTERNATIONAL STANDARD BOOK NUMBER | |
| International Standard Book Number | 9780761927686 |
| 082 04 - DEWEY DECIMAL CLASSIFICATION NUMBER | |
| Classification number | 001.42 |
| 090 ## - LOCALLY ASSIGNED LC-TYPE CALL NUMBER (OCLC); LOCAL CALL NUMBER (RLIN) | |
| -- | 2248 |
| -- | 2248 |
| 100 1# - MAIN ENTRY--PERSONAL NAME | |
| Personal name | Locke, Lawrence F. |
| 245 10 - TITLE STATEMENT | |
| Title | Reading and understanding research / |
| Statement of responsibility, etc. | Lawrence F. Locke. |
| 250 ## - EDITION STATEMENT | |
| Edition statement | 2nd ed. |
| 260 ## - PUBLICATION, DISTRIBUTION, ETC. | |
| Place of publication, distribution, etc. | [S.l.] : |
| Name of publisher, distributor, etc. | Sage Publications, Inc, |
| Date of publication, distribution, etc. | 2004. |
| 300 ## - PHYSICAL DESCRIPTION | |
| Extent | 304 p. ; |
| Dimensions | 23 cm. |
| 500 ## - GENERAL NOTE | |
| General note | Paperback. |
| 520 ## - SUMMARY, ETC. | |
| Summary, etc. | Reading and Understanding Research, Second Edition is based on the notion that helping to demystify the process of consuming research will not only make for better students, but will help make for better research. The authors presume no special background in research, and begin by introducing and framing the notion of reading research within a wider social context. Next they offer insight on when to seek out research, locating and selecting the right reports, and how to help evaluate research for trustworthiness. A step-by-step reading of reports from qualitative and quantitative studies follows, and the final chapters examine in greater detail the different types of research to be encountered and how to examine the research more critically. This book is ideal for a novice researcher (and those that teach them!). New to the Second Edition: • A new chapter on the utilization of research • Expanded coverage of qualitative methods • Updated resource lists • More coverage of the twelve steps for doing different types of rese |
| 700 ## - ADDED ENTRY--PERSONAL NAME | |
| Personal name | Silverman, Steph |
| 700 ## - ADDED ENTRY--PERSONAL NAME | |
| Personal name | Spirduso, Waneen Wy |
| 856 ## - ELECTRONIC LOCATION AND ACCESS | |
| Materials specified | Amazon.com |
| Uniform Resource Identifier | <a href="http://www.amazon.com/exec/obidos/ASIN/0761927689/chopaconli">http://www.amazon.com/exec/obidos/ASIN/0761927689/chopaconli</a> |
| 856 ## - ELECTRONIC LOCATION AND ACCESS | |
| Materials specified | Amazon customer reviews |
| Uniform Resource Identifier | <a href="http://www.chopac.org/cgi-bin/tools/azrev.pl?q=07619">http://www.chopac.org/cgi-bin/tools/azrev.pl?q=07619</a> |
| 942 ## - ADDED ENTRY ELEMENTS (KOHA) | |
| Institution code [OBSOLETE] | NBS |
| Koha item type | Book |
| Call number prefix | 001.42 LOC |
| Withdrawn status | Lost status | Source of classification or shelving scheme | Damaged status | Not for loan | Collection code | Permanent Location | Current Location | Shelving location | Date acquired | Full call number | Barcode | Date last seen | Price effective from | Koha item type | Public note |
|---|---|---|---|---|---|---|---|---|---|---|---|---|---|---|---|
| Write Off | Computer Science | Central Library (CL) | Central Library (CL) | First Floor - Computer Science | 08/28/2013 | 001.42 LOC | NBS6510 | 08/28/2013 | 08/28/2013 | Book | Write off File No.0908/IRC/NBS Dated Aug 16, 2018 |
